|
|
|
|
| LEADER |
00000nta a2200000 i 4500 |
| 001 |
dolg17993 |
| 005 |
20181120150520.0 |
| 008 |
181120suuuu hu om 000 hun d |
| 040 |
|
|
|a BGE Dolgozattár Repozitórium
|b hun
|
| 041 |
|
|
|a hu
|
| 100 |
1 |
|
|a Nagy Bertalan
|
| 245 |
1 |
2 |
|a A Broadmoor szállodában üzemelő vendéglátó egység gazdálkodásának elemzése
|c Nagy Bertalan
|h [elektronikus dokumentum]
|
| 246 |
1 |
1 |
|a A Broadmoor szállodában üzemelő vendéglátó egység gazdálkodásának elemzése
|
| 246 |
1 |
1 |
|a .
|
| 520 |
3 |
|
|a .
|
| 695 |
|
|
|a Egy szálloda bemutatása
|
| 695 |
|
|
|a működésének elemzése
|
| 700 |
1 |
|
|a Bánréti Ottó
|e ths
|
| 856 |
4 |
0 |
|u http://dolgozattar.uni-bge.hu/17993/1/SZAKDOLGOZAT.pdf
|z Dokumentum-elérés
|